| 000 | 00532nam a2200169 4500 | ||
|---|---|---|---|
| 001 | 113407 | ||
| 003 | ES-MaACL | ||
| 005 | 20230906185859.0 | ||
| 007 | t| | ||
| 008 | 061121s1968 sp r ||||1| spa d | ||
| 100 | 1 |
_aNiveau, Maurice. _985782 |
|
| 245 | 1 | 0 |
_aHistoria de los hechos económicos contemporáneos / _cMaurice Niveau ; traducción de Antonio Bosch Domenech. |
| 260 |
_aBarcelona : _bAriel, _c1968. |
||
| 300 |
_a464 p. ; _c23 cm. |
||
| 700 | 1 |
_aBosch Domènech, Antoni. _930654 |
|
| 852 |
_aES-MaACL _jC-36191 _bR.68764 |
||
| 999 |
_c113407 _d113407 |
||